000 00596nam a22001817a 4500
003 OSt
005 20160105143221.0
008 130916t xxu||||| |||| 00| 0 eng d
020 _a9781904534662
050 _aQH 316
_b.D255C 2008
100 _aMerson-Davies, Ashby
_920128
245 _aIB biology option c - cells and energy :
_binternational baccalaureate revision guide 2009
_cAshby Merson-Davies
260 _aUnited Kingdom :
_bOxford Study Courses limited,
_cc2008.
300 _a27 p. :
_bill. ;
_c29 cm.
650 _aBiology
_xCells
_xEnergy
_920168
942 _2lcc
_cBK
999 _c11412
_d11412